Power of politics (Record no. 223713)
[ view plain ]
| 000 -LEADER | |
|---|---|
| fixed length control field | 00628nam a22002297a 4500 |
| 005 - DATE AND TIME OF LATEST TRANSACTION | |
| control field | 20220712152835.0 |
| 008 - FIXED-LENGTH DATA ELEMENTS--GENERAL INFORMATION | |
| fixed length control field | 220712b ||||| |||| 00| 0 eng d |
| 020 ## - INTERNATIONAL STANDARD BOOK NUMBER | |
| International Standard Book Number | 0705411117 |
| 040 ## - CATALOGING SOURCE | |
| Transcribing agency | Aloy |
| 041 ## - LANGUAGE CODE | |
| Language code of text/sound track or separate title | eng |
| 082 ## - DEWEY DECIMAL CLASSIFICATION NUMBER | |
| Edition number | 23 |
| Classification number | 321 |
| Item number | TAYP |
| 100 ## - MAIN ENTRY--PERSONAL NAME | |
| Personal name | Peter Taylor Ed |
| 100 ## - MAIN ENTRY--PERSONAL NAME | |
| 9 (RLIN) | 48425 |
| 245 ## - TITLE STATEMENT | |
| Title | Power of politics |
| 260 ## - PUBLICATION, DISTRIBUTION, ETC. | |
| Place of publication, distribution, etc. | Amsterdam: |
| Name of publisher, distributor, etc. | Time Life Books |
| Date of publication, distribution, etc. | 1990 |
| 300 ## - PHYSICAL DESCRIPTION | |
| Extent | 296p. |
| Other physical details | HB |
| Dimensions | 30x23cm. |
| 365 ## - TRADE PRICE | |
| Source of price type code | Political Science |
| 650 ## - SUBJECT ADDED ENTRY--TOPICAL TERM | |
| Topical term or geographic name entry element | World Politics |
| 9 (RLIN) | 48421 |
| 650 ## - SUBJECT ADDED ENTRY--TOPICAL TERM | |
| Topical term or geographic name entry element | International Relation |
| 9 (RLIN) | 48422 |
| 650 ## - SUBJECT ADDED ENTRY--TOPICAL TERM | |
| Topical term or geographic name entry element | Sovereignty and Territory |
| 9 (RLIN) | 48423 |
| 700 ## - ADDED ENTRY--PERSONAL NAME | |
| Personal name | TAYLOR (Peter) Ed |
| 9 (RLIN) | 48424 |
| 942 ## - ADDED ENTRY ELEMENTS (KOHA) | |
| Source of classification or shelving scheme | Dewey Decimal Classification |
| Koha item type | Book |
| Withdrawn status | Lost status | Source of classification or shelving scheme | Damaged status | Not for loan | Collection code | Home library | Current library | Date acquired | Total Checkouts | Full call number | Barcode | Date last seen | Price effective from | Koha item type |
|---|---|---|---|---|---|---|---|---|---|---|---|---|---|---|
| Dewey Decimal Classification | Political Science | St Aloysius Library | St Aloysius Library | 03/24/2013 | 321 TAYP | GF01323 | 07/12/2022 | 07/12/2022 | George Fernandes Collections |